书目信息 |
| 题名: |
观茶
|
|
| 作者: | 修尚 著 | |
| 分册: | ||
| 出版信息: | 北京 企业管理出版社 2019.1 |
|
| 页数: | 255页 | |
| 开本: | 24cm | |
| 丛书名: | ||
| 单 册: | ||
| 中图分类: | F326.12 | |
| 科图分类: | ||
| 主题词: | 茶叶--cha ye--产业发展--研究--中国 | |
| 电子资源: | ||
| ISBN: | 978-7-5164-1878-9 | |
| 000 | 01042nam0 2200229 450 | |
| 001 | 2156209946 | |
| 005 | 20211011172911.0 | |
| 010 | @a978-7-5164-1878-9@dCNY59.00 | |
| 100 | @a20190508d2019 em y0chiy50 ea | |
| 101 | 0 | @achi |
| 102 | @aCN@b110000 | |
| 105 | @aa z 001yy | |
| 106 | @ar | |
| 200 | 1 | @a观茶@Aguan cha@f修尚著 |
| 210 | @a北京@c企业管理出版社@d2019.1 | |
| 215 | @a255页@c图@d24cm | |
| 330 | @a本书按照大历史、大战略、经济、文化、人文等角度展开,在国际视野下,将茶产业反复缩放,通过大比较、平行研究试图找到规律,从历史长河中抽茧出茶业发展的脉络,找到关键时点,按照战略规划的思路,提出中国茶业复兴目标、愿景和使命,按照产业链责任,拟定茶业复兴战略和实施落地方案。本书以全新角度审视茶界,搭建以科学、设计和新时代特征为要素的新茶文化框架,将茶纳入“风味科学”的范畴而获得重生和振兴,用风味化学重塑国际茶文化,使茶业战略落实到百姓生活的幸福感中。 | |
| 606 | 0 | @a茶叶@Acha ye@x产业发展@x研究@y中国 |
| 690 | @aF326.12@v5 | |
| 701 | 0 | @a修尚@Axiu shang@f(1963-)@4著 |
| 801 | 0 | @aCN@b百万庄@c20211005 |
| 905 | @b1304190-93@dF326.12@e202@f4 | |
| 观茶/修尚著.-北京:企业管理出版社,2019.1 |
| 255页:图;24cm |
| ISBN 978-7-5164-1878-9:CNY59.00 |
| 本书按照大历史、大战略、经济、文化、人文等角度展开,在国际视野下,将茶产业反复缩放,通过大比较、平行研究试图找到规律,从历史长河中抽茧出茶业发展的脉络,找到关键时点,按照战略规划的思路,提出中国茶业复兴目标、愿景和使命,按照产业链责任,拟定茶业复兴战略和实施落地方案。本书以全新角度审视茶界,搭建以科学、设计和新时代特征为要素的新茶文化框架,将茶纳入“风味科学”的范畴而获得重生和振兴,用风味化学重塑国际茶文化,使茶业战略落实到百姓生活的幸福感中。 |
| ● |
| 相关链接 |
|
|
|
|
正题名:观茶
索取号:F326.12/202
 
预约/预借
| 序号 | 登录号 | 条形码 | 馆藏地/架位号 | 状态 | 备注 |
| 1 | 1304190 | 213041901 | 第一样本阅览室/ [索取号:F326.12/202] | 在馆 | |
| 2 | 1304191 | 213041910 | 第一借阅区/ [索取号:F326.12/202] | 在馆 | |
| 3 | 1304192 | 213041929 | 第一借阅区/ [索取号:F326.12/202] | 在馆 | |
| 4 | 1304193 | 213041938 | 第一借阅区/ [索取号:F326.12/202] | 在馆 |